| 000 | 00742nam a22002415a 4500 | ||
|---|---|---|---|
| 008 | 090607t2007 ii ||||r|||| 001 0 eng d | ||
| 020 | _a8122420613 | ||
| 020 | _a9788122420616 | ||
| 040 |
_aEG-ScBUE _beng _cEG-ScBUE |
||
| 082 | 0 | 4 |
_a621.042 _bGUP _222 |
| 100 | 1 |
_aGupta, B. R. _913107 |
|
| 245 | 1 | 0 |
_aEnergy conversion / _cB. R. Gupta, Vandana Singhal. |
| 260 |
_aNew Delhi : _bNew Age International, _cc.2007. |
||
| 300 |
_axx, 575 p. : _bill.; _c24 cm. |
||
| 500 | _aIndex : p. 573-575. | ||
| 590 | _ayassmeen ashraf | ||
| 651 | _2BUEsh | ||
| 653 |
_bENGGEN _cAugust2015 |
||
| 650 | 0 |
_95869 _aPower resources _2BUEsh |
|
| 650 | 0 |
_95868 _aEnergy conversion _2BUEsh |
|
| 700 | 1 |
_913106 _aSinghal, Vandana. |
|
| 942 |
_cBB _k621.042 GUP _2ddc |
||
| 999 |
_c11817 _d11817 |
||